| 000 | 00366nam a2200133 a 4500 | ||
|---|---|---|---|
| 001 | 4943 | ||
| 003 | CDMR | ||
| 005 | 20130116135302.0 | ||
| 008 | 130130s2002||||||||||||||||||||||||||||d | ||
| 040 |
_aCDMR _bcat _cCPC GIRONA |
||
| 245 | 0 |
_aJoan Comalat, captacions d'un jove reporter (1979-1987) _bQuaderns de fotografia |
|
| 260 |
_c2002 _bDiputació de Girona |
||
| 942 | _cMON | ||
| 999 |
_c4943 _d4943 |
||